| 000 | 00736nam a2200181Ia 4500 | ||
|---|---|---|---|
| 008 | 090630s9999 xx 000 0 und d | ||
| 082 | _b12341 | ||
| 100 | _aगोवंडे श्रीकांत. | ||
| 245 |
_aपंचतंत्राच्या 100 गोष्टी. _cगोवंडे श्रीकांत. |
||
| 260 |
_bअनमोल पुणे. _c1992 |
||
| 300 | _a178 | ||
| 600 | _aगोवंडे श्रीकांत. | ||
| 630 | _aपंचतंत्राच्या 100 गोष्टी. | ||
| 655 | _aबालवाङमय. | ||
| 700 | _aगोवंडे श्रीकांत. | ||
| 730 | _aपंचतंत्राच्या 100 गोष्टी. | ||
| 942 | _cBOOK | ||
| 999 |
_c264197 _d264197 |
||